000 00325nam a2200121Ia 4500
008 240731s9999 xx 000 0 und d
022 _a1931-0676
245 0 _aSymposium: A Quarterly Journal in Modern Literatures
260 _bRoutledge
856 _uhttps://www.tandfonline.com/loi/vsym20
942 _2ddc
942 _cTFEJ
999 _c79635
_d79635
945 _a1
_bMadushi Gamage
_c1
_dMadushi Gamage